000 00481nam a2200181Ia 4500
008 100917s9999 xx 000 0 und d
082 _b38243
100 _aराजे शैलजा
245 _aइभ्रत
260 _bदीपज्योती प्रकाशन
_c1979
300 _a163
365 _b15
520 _aकादंबरी
630 _aइभ्रत
650 _aकादंबरी
730 _aइभ्रत
942 _cBOOK
999 _c643637
_d643634